000 00487nam a2200157 4500
001 138121
003 ES-MaACL
005 20230906195516.0
007 t|
008 070214s1969 sp r ||||1| spa d
100 1 _aSánchez Pinto, Vicente.
_9102854
245 1 4 _aLas horas perdidas /
_cVicente Sánchez Pinto.
260 _aAvila :
_bInstitución Gran Duque de Alba,
_c1969 (
_fImp. del Diario de Avila)
300 _a80 p., 1 lám. ;
_c14 cm.
852 _aES-MaACL
_jC-51279
_bR.71869
999 _c138121
_d138121